LEADER 00979nam0-2200277 --450 001 9911015177603321 005 20250730113652.0 010 $a978-88-916-7109-7 100 $a20250730d2025----kmuy0itay5050 ba 101 0 $aita 102 $aIT 105 $a 001yy 200 1 $a<>Codice dei contratti pubblici commentato con la giurisprudenza e la prassi$eaggiornato al Decreto Correttivo (D.Lgs. 31 dicembre 2024, n. 209)$fOrnella Cutajar, Alessandro Massari 210 $aSantarcangelo di Romagna$cMaggioli$dc2025 215 $a1852 p.$d25 cm 225 1 $aAppalti & contratti$v20 676 $a346.4502302638$v23$zita 700 1$aCutajar,$bOrnella$0742079 701 1$aMassari,$bAlessandro$0297520 801 0$aIT$bUNINA$gREICAT$2UNIMARC 901 $aBK 912 $a9911015177603321 952 $aVI Z 335$b2025/1332$fFGBC 959 $aFGBC 996 $aCodice dei contratti pubblici commentato con la giurisprudenza e la prassi$91473956 997 $aUNINA